Looking For America - Guess the Lyrics - Statistics

General Stats
  • This quiz has been taken 7 times
  • The average score is 193 of 208
Answer Stats
Answer % Correct
a
100%
America
100%
and
100%
bombs
100%
children
100%
collide
100%
dream
100%
drive
100%
fireworks
100%
for
100%
gun
100%
had
100%
I
100%
I'm
100%
in
100%
It
100%
It's
100%
just
100%
looking
100%
mind
100%
my
100%
No
100%
no
100%
of
100%
One
100%
only
100%
own
100%
quite
100%
San Francisco
100%
scenic
100%
sky
100%
so
100%
So
100%
still
100%
that
100%
the
100%
to
100%
version
100%
was
100%
we
100%
We
100%
when
100%
where
100%
without
100%
you
100%
after
80%
All
80%
another
80%
back
80%
before
80%
blues
80%
can
80%
City
80%
dark
80%
Didn't
80%
do
80%
flag
80%
flew
80%
freely
80%
Fresno
80%
friends
80%
go
80%
Hudson
80%
jive
80%
Lake
80%
line
80%
listen
80%
many
80%
Missed
80%
New
80%
our
80%
park
80%
Placid
80%
River
80%
said
80%
them
80%
things
80%
think
80%
time
80%
Took
80%
trip
80%
twice
80%
used
80%
watch
80%
worry
80%
would
80%
York
80%
fly
60%
left
60%
over
60%
place
60%
Pulled
60%
train
60%
work
60%
about
40%
drive-ins
40%
That's
40%
up
20%
No matching quizzes found
Score Distribution
Percent of People with Each Score
Percentile by Number Answered
Your Score History
You have not taken this quiz